Quiz Naruto - Statistiques

Statistiques générales
  • Ce quiz a été pris 742 fois
  • Le résultat moyen est 8 sur 10
Statistiques - réponses
Question Réponse % Correct
Quel est le nom du démon à 9 queues ? Kurama
96%
Qui est Rin ? La coéquipière de Kakashi et Obito
96%
Quelle est la plus puissante des pupilles ? Les Rinnegans
91%
Quel est le chakra élémentaire de Naruto ? Le vent
90%
Zetsu est ... Un des fils de Kaguya
90%
Combien d'enfants a eu l'ermite Rikudo ? 2
84%
A l'heure actuelle, combien y a t-il eu de Hokages a Konoha ? 7
65%
Quel est le nom du village de la Pluie ? Ame
60%
Quel est le nom du successeur du Ninshu, désigné par Hagoromo ? Asura
59%
Quel est le réceptacle du démon à 4 queues ? Roshi
50%
Aucun quiz correspondant
Distribution des résultats
% des personnes avec chaque résultat
Percentile par nombre de réponses
Votre historique - résultats
Vous n’avez pas pris ce quiz